[Event "FICGS class B 000123 email"]
[Site "FICGS email"]
[Date "2010.09.08"]
[Round "1"]
[White "Domingo Gadea, Jordi"]
[Black "Koenig, Paul"]
[Result "1-0"]
[WhiteElo "1970"]
[BlackElo "1872"]
[PlyCount "25"]
[EventDate "2010.??.??"]
[EventType "tourn (corr)"]
[EventRounds "6"]
[SourceTitle "Corr 2013"]
[Source "ChessBase"]
[SourceDate "2012.11.12"]
[SourceVersion "1"]
[SourceVersionDate "2012.11.12"]
[SourceQuality "1"]

1. e4 c5 2. Nf3 Nc6 3. d4 cxd4 4. Nxd4 Nf6 5. Nc3 e5 6. Ndb5 d6 7. Bg5 a6 8. Na3 b5 9. Nd5 Be7 10. Bxf6 Bxf6 11. c4 b4 12. Nc2 0-0 13. g3 1-0

[Event "FICGS rapid B 000157 email"]
[Site "FICGS email"]
[Date "2010.08.11"]
[Round "1"]
[White "Koenig, Paul"]
[Black "Sternik, Ryszard"]
[Result "0-1"]
[WhiteElo "1730"]
[BlackElo "1723"]
[PlyCount "70"]
[EventDate "2010.??.??"]
[EventType "tourn (rapid)"]
[EventRounds "6"]
[SourceTitle "Corr 2013"]
[Source "ChessBase"]
[SourceDate "2012.11.12"]
[SourceVersion "1"]
[SourceVersionDate "2012.11.12"]
[SourceQuality "1"]

1. c4 e5 2. Nc3 Nf6 3. Nf3 Nc6 4. g3 Bb4 5. Bg2 0-0 6. 0-0 e4 7. Ng5 Bxc3 8. bxc3 Re8 9. Qc2 Qe7 10. d3 exd3 11. exd3 d6 12. Bf4 Rb8 13. Rab1 Ne5 14. Rfe1 Bf5 15. Bxe5 dxe5 16. Bxb7 Qd7 17. Be4 Nxe4 18. Nxe4 Rb6 19. a4 a6 20. Rxb6 cxb6 21. Qe2 Bg4 22. f3 Bh5 23. Qe3 f5 24. Nf2 Qc6 25. Kg2 h6 26. h3 Bf7 27. Rb1 Re6 28. g4 Bg6 29. Ra1 Qc7 30. Ra2 f4 31. Qe1 Qe7 32. Re2 Bf7 33. Ne4 Rc6 34. Ra2 Qc7 35. Rb2 Qd8 0-1

[Event "FICGS W-ch st1 g08 email"]
[Site "FICGS email"]
[Date "2010.07.02"]
[Round "1"]
[White "Hrubaru, Mircea"]
[Black "Koenig, Paul"]
[Result "1-0"]
[WhiteElo "2009"]
[BlackElo "1730"]
[PlyCount "63"]
[EventDate "2010.??.??"]
[EventType "tourn (corr)"]
[EventRounds "6"]
[SourceTitle "Corr 2013"]
[Source "ChessBase"]
[SourceDate "2012.11.12"]
[SourceVersion "1"]
[SourceVersionDate "2012.11.12"]
[SourceQuality "1"]

1. d4 Nf6 2. c4 g6 3. Nc3 d5 4. Nf3 Bg7 5. Qb3 dxc4 6. Qxc4 0-0 7. e4 c6 8. Be2 Be6 9. Qd3 Na6 10. 0-0 Ne8 11. Be3 Nd6 12. Qc2 Bc4 13. a3 Bxe2 14. Nxe2 Nc7 15. Rfd1 e6 16. Rac1 f5 17. e5 Nc8 18. Rd3 Nd5 19. Bg5 Qe8 20. Ne1 h6 21. Bd2 Nce7 22. h4 Qf7 23. Rf3 Kh7 24. b4 Nc7 25. a4 Ned5 26. Nd3 a6 27. Nc5 Rab8 28. Rg3 Rg8 29. Rd1 Bf8 30. Qc1 Rh8 31. Rh3 Kg7 32. Kh2 1-0

[Event "FICGS W-ch st1 g08 email"]
[Site "FICGS email"]
[Date "2010.07.02"]
[Round "1"]
[White "Koenig, Paul"]
[Black "Makosiej, Wladyslaw"]
[Result "0-1"]
[WhiteElo "1730"]
[BlackElo "1435"]
[PlyCount "38"]
[EventDate "2010.??.??"]
[EventType "tourn (corr)"]
[EventRounds "6"]
[SourceTitle "Corr 2013"]
[Source "ChessBase"]
[SourceDate "2012.11.12"]
[SourceVersion "1"]
[SourceVersionDate "2012.11.12"]
[SourceQuality "1"]

1. c4 Nf6 2. Nf3 g6 3. Nc3 Bg7 4. d4 0-0 5. e4 d6 6. Be2 e5 7. dxe5 dxe5 8. 0-0 Nbd7 9. Qc2 c6 10. Be3 Qe7 11. a3 Nh5 12. g3 Ndf6 13. b4 b6 14. Rfd1 Ng4 15. Bg5 f6 16. Bd2 f5 17. c5 b5 18. a4 a6 19. axb5 cxb5 0-1

[Event "FICGS W-ch st1 g08 email"]
[Site "FICGS email"]
[Date "2010.07.02"]
[Round "1"]
[White "Pech, Jaroslav Sr"]
[Black "Koenig, Paul"]
[Result "0-1"]
[WhiteElo "1257"]
[BlackElo "1730"]
[PlyCount "24"]
[EventDate "2010.??.??"]
[EventType "tourn (corr)"]
[EventRounds "6"]
[SourceTitle "Corr 2013"]
[Source "ChessBase"]
[SourceDate "2012.11.12"]
[SourceVersion "1"]
[SourceVersionDate "2012.11.12"]
[SourceQuality "1"]

1. e4 c5 2. c3 Nf6 3. e5 Nd5 4. d4 cxd4 5. Nf3 Nc6 6. cxd4 d6 7. Bc4 Nb6 8. Bb5 dxe5 9. Nxe5 Bd7 10. Nxd7 Qxd7 11. Nc3 e6 12. 0-0 Bd6 0-1

[Event "FICGS class C 000150 email"]
[Site "FICGS email"]
[Date "2010.07.01"]
[Round "1"]
[White "Ciocan, Ioan"]
[Black "Koenig, Paul"]
[Result "0-1"]
[WhiteElo "1600"]
[BlackElo "1730"]
[PlyCount "54"]
[EventDate "2010.??.??"]
[EventType "tourn (corr)"]
[EventRounds "5"]
[SourceTitle "Corr 2013"]
[Source "ChessBase"]
[SourceDate "2012.11.12"]
[SourceVersion "1"]
[SourceVersionDate "2012.11.12"]
[SourceQuality "1"]

1. d4 Nf6 2. c4 g6 3. Nc3 d5 4. Nf3 Bg7 5. e3 e6 6. Be2 0-0 7. 0-0 Qe7 8. Qc2 b6 9. e4 dxe4 10. Nxe4 Bb7 11. Nxf6+ Bxf6 12. Be3 c5 13. dxc5 bxc5 14. Rad1 Nc6 15. a3 e5 16. Nd2 Nd4 17. Bxd4 exd4 18. Bf3 Rfe8 19. Rb1 a5 20. Bxb7 Qxb7 21. Nf3 Rab8 22. Ne1 Qb3 23. Qd3 Rxe1 24. Qxb3 Rxf1+ 25. Kxf1 Rxb3 26. g3 a4 27. Ke2 d3+ 0-1

[Event "LSS SA-2010-0-00132"]
[Site "LSS email"]
[Date "2010.05.28"]
[Round "?"]
[White "Santo, Moises"]
[Black "Koenig, Paul"]
[Result "1/2-1/2"]
[WhiteElo "2071"]
[BlackElo "2053"]
[PlyCount "48"]
[EventDate "2010.04.21"]
[EventType "tourn (corr)"]
[EventRounds "6"]
[EventCountry "GER"]
[SourceTitle "Telechess CBM 147"]
[Source "ChessBase"]
[SourceDate "2012.03.16"]
[SourceVersion "1"]
[SourceVersionDate "2012.03.16"]
[SourceQuality "1"]

1. d4 Nf6 2. c4 g6 3. Nc3 d5 4. cxd5 Nxd5 5. e4 Nxc3 6. bxc3 Bg7 7. Bc4 0-0 8. Ne2 c5 9. Be3 cxd4 10. cxd4 Nc6 11. Rc1 Qa5+ 12. Kf1 Qa3 13. Qb3 Qd6 14. e5 Qd8 15. Qa3 Bf5 16. f3 Na5 17. Kf2 Nxc4 18. Rxc4 f6 19. Rd1 fxe5 20. Qb3 Be6 21. d5 Bf7 22. Qxb7 Rb8 23. Qc6 Rb2 24. Rc2 Rxc2 1/2-1/2

[Event "LSS SA-2010-0-00132"]
[Site "LSS email"]
[Date "2010.05.28"]
[Round "?"]
[White "Vorobiev, Alexandr Vladimirov"]
[Black "Koenig, Paul"]
[Result "1-0"]
[WhiteElo "1977"]
[BlackElo "2053"]
[PlyCount "65"]
[EventDate "2010.04.21"]
[EventType "tourn (corr)"]
[EventRounds "6"]
[EventCountry "GER"]
[SourceTitle "Corr 2013"]
[Source "ChessBase"]
[SourceDate "2012.11.12"]
[SourceVersion "1"]
[SourceVersionDate "2012.11.12"]
[SourceQuality "1"]

1. d4 Nf6 2. c4 g6 3. Nc3 d5 4. cxd5 Nxd5 5. e4 Nxc3 6. bxc3 Bg7 7. Nf3 0-0 8. Be2 c5 9. 0-0 b6 10. Bg5 h6 11. Be3 Bb7 12. Qd3 Qc7 13. Rac1 Nd7 14. e5 e6 15. Nd2 a6 16. f4 Rfd8 17. Ne4 b5 18. Bf2 Bf8 19. c4 Be7 20. a4 bxc4 21. Rxc4 Rab8 22. Rfc1 Nb6 23. Nf6+ Kg7 24. R4c2 Nd5 25. Nxd5 Bxd5 26. Qh3 Rb3 27. Be3 Qa5 28. dxc5 Qxa4 29. c6 Qe4 30. Rc3 Rxc3 31. Rxc3 Bxc6 32. Rc4 Qd5 33. Rc1 1-0

[Event "LSS SA-2010-0-00131"]
[Site "LSS email"]
[Date "2010.05.19"]
[Round "?"]
[White "Meulemans, Bart"]
[Black "Koenig, Paul"]
[Result "1/2-1/2"]
[WhiteElo "2093"]
[BlackElo "2053"]
[PlyCount "26"]
[EventDate "2010.04.10"]
[EventType "tourn (corr)"]
[EventRounds "6"]
[EventCountry "GER"]
[SourceTitle "Corr 2013"]
[Source "ChessBase"]
[SourceDate "2012.11.12"]
[SourceVersion "1"]
[SourceVersionDate "2012.11.12"]
[SourceQuality "1"]

1. e4 c5 2. Nf3 Nc6 3. Bb5 g6 4. 0-0 Bg7 5. Nc3 Nf6 6. e5 Ng4 7. Bxc6 dxc6 8. Re1 0-0 9. h3 Nh6 10. d3 Nf5 11. Ne4 b6 12. c3 Ba6 13. g4 Nh6 1/2-1/2

[Event "FICGS class B 000109 email"]
[Site "FICGS email"]
[Date "2010.04.23"]
[Round "1"]
[White "De Waele, Willy"]
[Black "Koenig, Paul"]
[Result "1/2-1/2"]
[WhiteElo "1917"]
[BlackElo "1964"]
[PlyCount "28"]
[EventDate "2010.??.??"]
[EventType "tourn (corr)"]
[EventRounds "5"]
[SourceTitle "Corr 2013"]
[Source "ChessBase"]
[SourceDate "2012.11.12"]
[SourceVersion "1"]
[SourceVersionDate "2012.11.12"]
[SourceQuality "1"]

1. e4 c5 2. Nf3 Nc6 3. d4 cxd4 4. Nxd4 Nf6 5. Nc3 e6 6. Nxc6 bxc6 7. e5 Nd5 8. Ne4 Qc7 9. f4 Qa5+ 10. Bd2 Qb6 11. Bd3 Rb8 12. Qf3 Be7 13. b3 Bb7 14. 0-0-0 a5 1/2-1/2

[Event "LSS BI-2010-P-00001"]
[Site "LSS email"]
[Date "2010.04.19"]
[Round "?"]
[White "Brough, Carl"]
[Black "Koenig, Paul"]
[Result "0-1"]
[WhiteElo "593"]
[BlackElo "2053"]
[PlyCount "76"]
[EventDate "2010.04.22"]
[EventType "tourn (corr)"]
[EventRounds "10"]
[EventCountry "GER"]
[SourceTitle "Telechess CBM 147"]
[Source "ChessBase"]
[SourceDate "2012.03.16"]
[SourceVersion "1"]
[SourceVersionDate "2012.03.16"]
[SourceQuality "1"]

1. d4 Nf6 2. c4 g6 3. Nc3 d5 4. c5 Bg7 5. Bf4 0-0 6. e3 b6 7. Be2 bxc5 8. dxc5 c6 9. Nf3 Ba6 10. Ne5 Bxe2 11. Qxe2 Nfd7 12. Ng4 e5 13. Bh6 Bxh6 14. 0-0 Bg7 15. b4 h5 16. b5 hxg4 17. Qxg4 Nxc5 18. Rad1 Qa5 19. Ne2 Qxb5 20. Ng3 Nbd7 21. a4 Qxa4 22. Qg5 Bf6 23. Qh6 Qh4 24. Qxh4 Bxh4 25. Ne2 Rfb8 26. g3 Rb2 27. Nc1 Be7 28. h4 e4 29. Kg2 Ne5 30. Kh3 Rab8 31. g4 a5 32. h5 a4 33. h6 a3 34. Rh1 Rxf2 35. Rhg1 Rbb2 36. g5 Rh2+ 37. Kg3 Nf3 38. Rh1 Bd6+ 0-1

[Event "LSS BI-2010-P-00001"]
[Site "LSS email"]
[Date "2010.04.19"]
[Round "?"]
[White "Campbell, Iain S"]
[Black "Koenig, Paul"]
[Result "1/2-1/2"]
[WhiteElo "1504"]
[BlackElo "2053"]
[PlyCount "28"]
[EventDate "2010.04.22"]
[EventType "tourn (corr)"]
[EventRounds "10"]
[EventCountry "GER"]
[SourceTitle "Corr 2013"]
[Source "ChessBase"]
[SourceDate "2012.11.12"]
[SourceVersion "1"]
[SourceVersionDate "2012.11.12"]
[SourceQuality "1"]

1. d4 Nf6 2. Nc3 d5 3. Bg5 Ne4 4. Nxe4 dxe4 5. e3 c6 6. Qd2 Nd7 7. Ne2 Nb6 8. Qa5 Qd5 9. Qxd5 Nxd5 10. a3 b5 11. Nf4 Nb6 12. Ne2 Nd5 13. Nf4 Nb6 14. Ne2 Nd5 1/2-1/2

[Event "GER-ch42 V07 email"]
[Site "GER email"]
[Date "2010.04.08"]
[Round "?"]
[White "Frank, Heinrich"]
[Black "Koenig, Paul"]
[Result "1/2-1/2"]
[WhiteElo "2116"]
[BlackElo "2030"]
[PlyCount "48"]
[EventDate "2010.04.19"]
[EventType "tourn (corr)"]
[EventRounds "12"]
[EventCountry "GER"]
[SourceTitle "Corr 2015"]
[Source "ChessBase"]
[SourceDate "2015.07.17"]
[SourceVersion "1"]
[SourceVersionDate "2015.07.17"]
[SourceQuality "1"]
[WhiteTeam "Germany"]
[BlackTeam "Germany"]
[WhiteTeamCountry "GER"]
[BlackTeamCountry "GER"]

1. e4 c5 2. Nf3 Nc6 3. d4 cxd4 4. Nxd4 Nf6 5. Nc3 e5 6. Ndb5 d6 7. Bg5 a6 8. Na3 b5 9. Nd5 Be7 10. Bxf6 Bxf6 11. c4 b4 12. Nc2 0-0 13. Be2 Bg5 14. 0-0 Rb8 15. b3 Be6 16. Qd3 g6 17. Nde3 Qb6 18. Nd5 Qd8 19. h3 a5 20. Rad1 Rb7 21. f4 exf4 22. Nxf4 Rd7 23. Nxe6 fxe6 24. Rxf8+ Qxf8 1/2-1/2

[Event "GER-ch42 V07 email"]
[Site "GER email"]
[Date "2010.04.08"]
[Round "?"]
[White "Koenig, Paul"]
[Black "Schwarte, Joachim"]
[Result "0-1"]
[WhiteElo "2030"]
[BlackElo "1966"]
[PlyCount "46"]
[EventDate "2010.04.19"]
[EventType "tourn (corr)"]
[EventRounds "12"]
[EventCountry "GER"]
[SourceTitle "Corr 2015"]
[Source "ChessBase"]
[SourceDate "2015.07.17"]
[SourceVersion "1"]
[SourceVersionDate "2015.07.17"]
[SourceQuality "1"]
[WhiteTeam "Germany"]
[BlackTeam "Germany"]
[WhiteTeamCountry "GER"]
[BlackTeamCountry "GER"]

1. c4 e5 2. Nc3 Nf6 3. Nf3 Nc6 4. g3 Bb4 5. Bg2 0-0 6. 0-0 e4 7. Ng5 Bxc3 8. bxc3 Re8 9. Qc2 Qe7 10. d3 exd3 11. exd3 d6 12. Nf3 h6 13. Nd4 Nxd4 14. cxd4 Qe2 15. Qxe2 Rxe2 16. Rd1 Bf5 17. Bf1 Re7 18. f3 Rae8 19. Kf2 a6 20. Bd2 Kf8 21. a4 Bc8 22. d5 b6 23. a5 b5 0-1